100 größte Metropolregionen der Welt - Statistiken

Allgemein
  • Dieses Quiz wurde 81 mal gespielt
  • Das Durchschnittsergebnis liegt bei 54 aus 104
Antwortstatistiken
Regionale Verortung Einwohner Metropolregion % Korrekt
Ostasien 37.330.000 Tokio
95%
Nordamerika 20.890.000 New York
91%
Ostasien 22.360.000 Peking
91%
Europa 18.510.000 Moskau
89%
Südamerika 12.550.000 Rio de Janeiro
89%
Ostasien 45.120.000 Shanghai-Changzhou
89%
Europa / Vorderasien 14.750.000 Istanbul
87%
Afrika 22.680.000 Kairo
87%
Südamerika 21.750.000 São Paulo
87%
Südamerika 15.930.000 Buenos Aires
85%
Europa 11.360.000 London
85%
Nordamerika 15.580.000 Los Angeles
85%
Südasien 26.240.000 Mumbai
85%
Europa 11.280.000 Paris
85%
Südasien 33.220.000 Delhi
84%
Europa 6.970.000 Madrid
84%
Nordamerika 18.940.000 Mexiko-Stadt
84%
Nordamerika 8.790.000 Chicago
80%
Südostasien 20.280.000 Bangkok
78%
Südostasien 41.910.000 Jakarta
78%
Südostasien 5.700.000 Hanoi
76%
Europa 5.870.000 Sankt Petersburg
75%
Australien und Ozeanien 5.040.000 Sydney
73%
Nordamerika 7.640.000 Washington-Baltimore
73%
Südamerika 10.730.000 Bogotá
71%
Afrika 13.060.000 Kinshasa
71%
Südostasien 25.520.000 Manila
71%
Nordamerika 6.980.000 Dallas-Fort-Worth
69%
Afrika 15.030.000 Johannesburg-Pretoria
69%
Ostasien 15.000.000 Kinki (Osaka-Kōbe-Kyōto)
69%
Afrika 15.280.000 Lagos
69%
Nordamerika 6.380.000 San Francisco-San José
69%
Ostasien 23.830.000 Seoul-Incheon
69%
Südostasien 6.060.000 Singapur
69%
Südostasien 9.900.000 Kuala Lumpur
67%
Nordamerika 6.130.000 Miami
67%
Nordamerika 6.500.000 Toronto
67%
Europa 5.490.000 Barcelona
65%
Ostasien 7.120.000 Hongkong
65%
Südamerika 10.910.000 Lima
65%
Vorderasien 14.140.000 Teheran
65%
Europa 5.630.000 Mailand
64%
Vorderasien 5.100.000 Dubai
62%
Ostasien 69.560.000 Guangzhou-Shenzhen
62%
Nordamerika 6.800.000 Houston
62%
Australien und Ozeanien 5.190.000 Melbourne
62%
Südostasien 16.030.000 Ho-Chi-Minh-Stadt
60%
Südamerika 7.190.000 Santiago de Chile
60%
Vorderasien 5.640.000 Ankara
58%
Ostasien 10.040.000 Wuhan
58%
Afrika 5.920.000 Alexandria
56%
Südasien 20.330.000 Kalkutta
56%
Nordamerika 5.500.000 Atlanta
53%
Vorderasien 7.160.000 Bagdad
53%
Afrika 7.260.000 Nairobi
53%
Vorderasien 8.590.000 Riad
53%
Südasien 25.310.000 Dhaka
51%
Afrika 7.920.000 Addis-Abeba
47%
Nordamerika 7.380.000 Boston-Providence
47%
Südasien 21.260.000 Karatschi
47%
Ostasien 8.310.000 Xi’An
47%
Südasien 16.220.000 Bangalore
45%
Europa 6.870.000 Ruhrgebiet (Essen-Düsseldorf)
45%
Ostasien 8.040.000 Chengdu
44%
Nordamerika 5.700.000 Philadelphia
44%
Ostasien 9.870.000 Taipeh-Neu-Taipeh
44%
Südasien 11.950.000 Chennai
42%
Afrika 6.340.000 Accra
40%
Südasien 6.010.000 Kabul
38%
Südasien 14.260.000 Lahore
38%
Südasien 5.200.000 Rawalpindi-Islamabad
38%
Afrika 8.880.000 Daressalam
36%
Afrika 11.890.000 Luanda
36%
Südasien 7.960.000 Ahmedabad
35%
Ostasien 11.520.000 Chongqing
35%
Afrika 7.680.000 Khartum
35%
Südasien 10.100.000 Hyderabad
31%
Ostasien 9.620.000 Nagoya
31%
Südostasien 7.490.000 Bandung
29%
Afrika 6.460.000 Abidjan
27%
Südamerika 5.370.000 Belo Horizonte
27%
Ostasien 12.420.000 Hangzhou-Shaoxing
27%
Südostasien 6.820.000 Yangon
27%
Vorderasien 6.690.000 Amman
25%
Südasien 6.940.000 Pune
25%
Südostasien 6.820.000 Surabaya
25%
Ostasien 12.100.000 Tianjin
24%
Ostasien 6.240.000 Xiamen-Zhangzhou
24%
Ostasien 8.930.000 Nanjing
20%
Afrika 5.070.000 Kampala
18%
Ostasien 7.770.000 Shenyang-Fushun
16%
Afrika 5.100.000 Yaoundé
16%
Ostasien 5.810.000 Qingdao
15%
Südasien 6.240.000 Surat
15%
Ostasien 6.860.000 Zhengzhou
15%
Ostasien 12.190.000 Shantou-Jieyang
13%
Vorderasien 5.480.000 Dschidda
11%
Ostasien 5.880.000 Hefei
7%
Afrika 5.190.000 Kumasi
7%
Südasien 5.650.000 Faisalabad
5%
Vorderasien 5.320.000 Maschhad
4%
Ostasien 5.370.000 Taiyuan
4%
Afrika 7.760.000 Onitsha
2%
Ostasien 6.490.000 Quanzhou
2%
Keine übereinstimmenden Quizze gefunden
Verteilung der Resultate
Anzahl Personen mit jedem Resultat
Perzentil nach korrekt beantworteten Fragen
Ihre Resultats-Entwicklung
Sie haben dieses Quiz noch nicht gespielt